Zisk v popředí zájmu

V trhovej ekonomike je zisk a zhodnocovanie majetku cieľom podnikania. Zisk vzniká pri prebytku výnosov nad nákladmi. Objasnenie väzieb medzi kategóriami vzťahujúcimi sa k zisku. Kľúčový význam prevádzkového zisku pre vytváranie hospodárskeho výsledku. Rentabilita vlastného imania. Zisková výnosnosť...

ver descrição completa

Na minha lista:
Detalhes bibliográficos
Autor principal: Grünwald, Rolf
Formato: Capítulo de Livro
Idioma:tcheco
Assuntos:
Tags: Adicionar Tag
Sem tags, seja o primeiro a adicionar uma tag!

MARC

LEADER 00000naa a2200000 4500
001 r015511
005 20221205090303.3
041 0 |a cze 
044 |a CZ 
245 1 0 |a Zisk v popředí zájmu  |c Rolf Grünwald 
520 |a V trhovej ekonomike je zisk a zhodnocovanie majetku cieľom podnikania. Zisk vzniká pri prebytku výnosov nad nákladmi. Objasnenie väzieb medzi kategóriami vzťahujúcimi sa k zisku. Kľúčový význam prevádzkového zisku pre vytváranie hospodárskeho výsledku. Rentabilita vlastného imania. Zisková výnosnosť akcií. Pomer trhovej a účtovnej hodnoty podniku. 
610 2 0 |a zisk 
610 2 0 |a zisk podnikový 
610 2 0 |a náklady 
610 2 0 |a výnosy 
100 1 |a Grünwald, Rolf